| 000 | 00585nam a2200217Ia 4500 | ||
|---|---|---|---|
| 003 | GCL | ||
| 008 | 140319s9999 xx 000 0 eng d | ||
| 020 | _a1857150651 | ||
| 040 |
_aGCL / _cGCL |
||
| 082 | 0 | 4 |
_a823 _bC L |
| 100 | 1 | _aCONRAD, JOSEPH | |
| 245 | 1 | 0 |
_aLORD JIM : _bA TALE / _cCONRAD, JOSEPH |
| 700 | 1 | _aSHERRY, NORMAN | |
| 260 |
_aانجلترا : _bEVERYMAN'S LIBRARY ، _c1992 |
||
| 300 |
_a21 CM ؛ _cXXXIII, 396 P |
||
| 490 |
_aTHE MILLENNIUM LIBRARY _v65 |
||
| 650 | 0 | 4 | _aENGLISH LITERATURE |
| 650 | 0 | 4 | _aLITERATURE |
| 650 | 0 | 4 | _aENGLISH FICTION |
| 942 |
_2ddc _cBK |
||
| 999 |
_c5329 _d5329 |
||